| 000 | 00408nam a22001457a 4500 | ||
|---|---|---|---|
| 082 | _aP-456 | ||
| 100 |
_aIzhar Ul Hassan _948340 |
||
| 245 | _aDesign of excavation support system for high rise in a metropolitan city/ | ||
| 260 |
_aRisalpur: _bMCE _cc2011 |
||
| 300 |
_av, 63p; _c26cm |
||
| 526 |
_a0 _b0 _c0 _dP_456 |
||
| 650 | _aProject | ||
| 700 |
_adr. Manzoor Hussain, Lt Col _948341 |
||
| 942 |
_2ddc _cBK |
||
| 999 |
_c551317 _d551317 |
||